Safety, health, and loss prevention in chemical processes : problems for undergraduate engineering curricula. Instructor's guide /

Guardado en:
Autor Corporativo: American Institute of Chemical Engineers. Center for Chemical Process Safety.
Formato: Libro
Idioma:English
Publicado: New York, NY : Center for Chemical Process Safety of the American Institute of Chemical Engineers, c1990.
Materias:
Etiquetas: Agregar Etiqueta
Sin Etiquetas, Sea el primero en etiquetar este registro!
LEADER 01114cam a22002295a 4500
001 EIQ.libpla002998
008 891013s1990####nyua##########000#0#eng#d
005 20071218190555.0
245 0 0 |a Safety, health, and loss prevention in chemical processes :  |b problems for undergraduate engineering curricula. Instructor's guide /  |c [prepared by] The Center for Chemical Process Safety of the American Institute of Chemical Engineers. 
260 |a New York, NY :  |b Center for Chemical Process Safety of the American Institute of Chemical Engineers,  |c c1990. 
300 |a xxii, 479 p. :  |b il. ;  |c 28 cm. 
020 |a 0816904219 
710 2 |a American Institute of Chemical Engineers.  |b Center for Chemical Process Safety. 
082 0 0 |a 660/.2804  |2 20 
650 4 |a Ingeniería química  |x Problemas, ejercicios, etc. 
650 4 |a Ingeniería química  |x Medidas de seguridad. 
650 4 |a Chemical engineering  |x Problems, exercises, etc. 
650 4 |a Chemical engineering  |x Safety measures. 
010 |a  89029078  
040 |a DLC  |c DLC  |d DLC 
050 0 0 |a TP149  |b .S1989 1990 
859 |a AR-BbSID  |b BIB. PLAPIQUI  |h 660.280 4  |i Sa 17i  |p 5669